00346nam a2200109Ia 4500008004100000041000800041100002100049245006600070260004300136500002500179700003200204250110s9999 xx 000 0 und d aeng aKhatod Karishma  aEliciting Digital Mediums To Embed As a Socio Urban Interface bBNCA-M arch Digital Architecturec2021 aDigital Architecture aGuide Name:Sardesai Kaushik